000
00395nam a2200133Ia 4500
008
100328s9999 xx 000 0 und d
082
_b
24644
100
_a
प्रधान श्रीधर
245
_a
कसोटीचे क्षण
260
_b
मनोरमा
630
_a
कसोटीचे क्षण
730
_a
कसोटीचे क्षण
942
_c
BOOK
999
_c
517885
_d
517882